|
|
|
|
| LEADER |
00655 a2200169 4500 |
| 020 |
|
|
|a 9789386863539
|
| 082 |
|
|
|a H 305.42
|b SRI/S
|
| 245 |
|
|
|a Stree alakshit :
|b hindi mein beesvi sadi ke purvardh ka stree vimarsh/
|c by Srikant Yadav (ed.)
|
| 260 |
|
|
|b Lok Bharathi Prakashan,
|a Illahabad:
|c 2018.
|
| 300 |
|
|
|a 167p.
|
| 650 |
|
|
|a Feminism
|9 109846
|
| 650 |
|
|
|a Women Studies
|9 109847
|
| 650 |
|
|
|a Social Sciences
|9 109848
|
| 700 |
|
|
|a Srikant Yadav (ed.)
|9 109849
|
| 942 |
|
|
|c BK
|
| 999 |
|
|
|c 139976
|d 139976
|
| 952 |
|
|
|0 0
|1 0
|4 0
|6 H_305_420000000000000_SRI_S
|7 0
|9 96696
|a SSUS
|b SSUS
|c STACKS
|d 2019-02-08
|g 400.00
|l 2
|o H 305.42 SRI/S
|p 093396
|r 2019-08-07
|s 2019-07-01
|w 2019-02-08
|y BK
|